000 00559nam a2200229Ia 4500
003 OSt
005 20220918200249.0
006 a|||||r|||| 00| 0
007 ta
008 220917b |||||||| |||| 00| 0 eng d
024 _a88,042
037 _cTextual
040 _aARTS
_cARTS
_beng
041 _2eng
_aeng
082 _aU:4:N5, H9
100 _aPeterson A D C
_990288
245 0 _aFar East
_b a social geography
260 _c1949
650 _aGEOGRAPHY
942 _hU:4:N5, H9
_cTEXL
_2CC
999 _c211732
_d211732